000 00656nam a2200229Ia 4500
003 OSt
005 20220923211707.0
006 a|||||r|||| 00| 0
007 ta
008 220922b |||||||| |||| 00| 0 pan d
024 _a43,033
037 _cTextual
040 _aARTS
_cARTS
_bpan
041 _2pan
_apan
082 _aO153,3x, J9
100 _aਜੌਲੀ, ਹਰਬੰਸ ਸਿੰਘ
_9156315
245 0 _aਆਧੁਨਿਕ ਕਹਾਣੀਆਂ
260 _c1959
650 _aਪੰਜਾਬੀ ਸਾਹਿਤ
942 _hO153,3x, J9
_cTEXL
_2CC
999 _c302662
_d302662